000 01059cam a22003377a 4500
003 CHAP
005 20220329142522.0
008 010827d1997 mx r 00110 spa d
010 _a84532
011 _a85504
020 _a9688844691
035 _a96037
040 _cCHAP
090 _aFolleto 16208
110 2 _aUACH. Programa Interdepartamental de Investigación y Servicio en Citricultura
_9115951
245 1 0 _aResúmenes citrícolas
_c/por UACH
260 _aChapingo, Méx. :
_bUACH,
_c1997.
300 _a56 p.
590 _aBATCH-UPD
_b10
_c20130110
_lUCH01
_h1608
590 _aBATCH-UPD
_b10
_c20130410
_lUCH01
_h1003
590 _aBATCH-UPD
_b10
_c20130914
_lUCH01
_h0959
590 _aCONVERSION
_b10
_c20130109
_lUCH01
_h1347
650 1 4 _aCítricos
_xMercadeo.
_924449
650 1 4 _aCítricos
_xMéxico.
_924454
650 1 4 _aCítricos
_xRendimiento.
_924463
650 1 4 _aNaranja
_xRendimiento.
_980188
901 _aBK
905 _aLilia Sánchez G.
942 _cFOLL
949 _aFolleto 16208
_bBC
_cUACH
_d33724000994430
_eUACH
_i96037
_sb
999 _c84532
_d84532